Quiz su Barbados - Statistics

Statistiche generali
  • Questo quiz è stato fatto 375 volte
  • Il punteggio medio è 9 su 14
Statistiche sulle risposte
Hint Risposta % Corretto
Lingua ufficiale Inglese
98%
Moneta di Barbados Dollaro di Barbados
87%
Arma raffigurata sulla bandiera (un simbolo del dio Poseidone) Tridente
84%
Barbados è l'isola più orientale di questo arcipelago P{iccole} A{ntille}
81%
Industria che rappresenta circa il 35% del PIL delle Barbados Turismo
80%
Sport più popolare Cricket
77%
Capitale Bridgetown
73%
Cantante pop internazionale delle Barbados (nata nel 1988 come Robyn Fenty) Rihanna
67%
Bevanda prodotta dalla compagnia Mount Gay dal 1703 Rum
60%
Le Barbados ospitano quattro specie di questo animale: verde, caretta, embricata e liuto Tartarughe
58%
Principale prodotto esportato da Barbados durante il periodo coloniale Zucchero
51%
L'isola è divisa in 11 di queste divisioni amministrative P{arrocchie}
50%
Frutto scoperto per caso alle Barbados che è un incrocio tra un'arancia e un pompelmo Pomelo
42%
Ufficiale è anche questa lingua creola Bajan
26%
Nessun quiz corrispondente trovato
Distribuzione punteggi
Percentuale di utenti per punteggio
Percentile per numero di risposta
I tuoi punteggi nel tempo
Non hai fatto questo quiz